Sidemen Quiz - Statistics

General Stats
  • This quiz has been taken 656 times
  • The average score is 14 of 14
Answer Stats
Hint Answer % Correct
. Ethan
99%
. Harry
99%
. JJ
99%
. Josh
99%
. KSI
99%
. Simon
99%
.. Tobi
99%
. Miniminter
98%
.. Vikk
98%
. W2S
97%
. Vikkstar123
96%
. ZerkaaHD
95%
.. Behzinga
94%
. TBJZL
92%
No matching quizzes found
Score Distribution
Percent of People with Each Score
Percentile by Number Answered
Your Score History
You have not taken this quiz